000 00635nam a2200229Ia 4500
003 OSt
005 20220928123946.0
006 a|||||r|||| 00| 0
007 ta
008 220927b |||||||| |||| 00| 0 eng d
024 _a71276
037 _cTextual
040 _aSDCL
_cSDCL
_beng
041 _2eng
_aeng
082 _aY7188.43'C, P1
100 _aTripathi Vibha
_9403907
245 0 _aAge of iron in South Asia legacy and tradition.
260 _aNew Delhi
_bAryan Books International
_c2001
300 _axv,279p
_ccm.
942 _hY7188.43'C, P1
_cTEXL
_2CC
999 _c775614
_d775614